| 000 | 00412nam a22001697a 4500 | ||
|---|---|---|---|
| 005 | 20180220145842.0 | ||
| 008 | 160426b xxu||||| |||| 00| 0 eng d | ||
| 020 | _a81-7224-491-6 | ||
| 041 | _aeng | ||
| 082 |
_b00065 _a001.42 |
||
| 100 |
_aShajahan, S. _952 |
||
| 245 | _aResearch Methodology for Management | ||
| 250 | _a3rd ed | ||
| 260 |
_aDelhi _bJai Co. Publishing House _c2009 |
||
| 300 | _a450 | ||
| 942 | _cBK | ||
| 999 |
_c10 _d10 |
||